LEADER 01058nam a2200265 u 4500 001 000000013073 003 CaOOAMICUS 005 20070226105619.0 008 940517s1963 ch u000 u fre u 035 $a10313883 040 $aPUL$bita 100 1 $aTerrien, Samuel L.,$d1911-$0(OLS)http://pul/name/12357 245 10$aJob /$cSamuel Terrien. 260 $aNeuchatel :$bDelachaux & Niestlé,$cc1963. 300 $a278 p. ;$c25 cm 490 1 $aCommentaire de l'Ancien Testament ;$v13 630 04$aBiblia.$pV.T.$pIob$xCommenti.$0(OLS)http://pul/subject/2015 730 01$aBiblia.$pV.T.$pIob.$lFrancese.$0(OLS)http://pul/title/18876 830 0$aCommentaire de l'Ancien Testament ;$v13.$0(OLS)http://pul/title/18892 850 $aPUL 852 $aPUL$W1$xSL Religione 1$y3$m1(7) L 48$j18455$nBK-PRI$b $qStampati$B18455$CPULBib$Z2$F18455 $H $81 941 1 $a8 961 $aINV: 33443 996 $6245$aJob$9(OLS)http://pul/title/18891 996 $6260$aNeuchatel :$bDelachaux & Niestlé$9(OLS)http://pul/publisher/47915 LEADER 01090nam a2200277 a 4500 001 000000154149 003 CaOOAMICUS 005 20160921132307.0 008 160921s2006 it u000 u ita r 020 $a88-348-5802-6* 032 $aLibriCat 040 $aPUL$bita 100 1 $aRonzitti, Natalino,$d1940-$0(OLS)http://pul/name/60524 245 10$aDiritto internazionale dei conflitti armati /$cNatalino Ronzitti. 250 $a3. ed. 260 $aTorino :$bG. Giappichelli,$c©2006. 300 $aXI, 383 p. ;$c24 cm. 504 $aRiferimenti bibliografici nelle note. 650 4$aGuerra (diritto internazionale).$0(OLS)http://pul/subject/10336 850 $aPUL 852 $aPUL$W1$xDP1 Fondo G. Barberini$y122$m4 E 85$j177204$qFondi$B180138$CPULBib$Z2$F180138 $HBar1052 $81 941 1 $a1 996 $6020$a88-348-5802-6*$9(OLS)http://pul/number/161111 996 $6245$aDiritto internazionale dei conflitti armati$9(OLS)http://pul/title/193739 996 $6260$aTorino :$bG. Giappichelli$9(OLS)http://pul/publisher/49130